Yuan Shikai shi liao hui kan / (Record no. 12940)

MARC details
000 -LEADER
fixed length control field 01274cam a2200325 a 4500
001 - CONTROL NUMBER
control field c 67002541
003 - CONTROL NUMBER IDENTIFIER
control field DLC
005 - DATE AND TIME OF LATEST TRANSACTION
control field 20260227111036.0
008 - FIXED-LENGTH DATA ELEMENTS--GENERAL INFORMATION
fixed length control field 871124s1967 ch abch 00000 chi
010 ## - LIBRARY OF CONGRESS CONTROL NUMBER
LC control number c 67002541
035 ## - SYSTEM CONTROL NUMBER
System control number (CStRLIN)DCLP87-B21945
040 ## - CATALOGING SOURCE
Original cataloging agency DLC-R
Transcribing agency DLC-R
Modifying agency CStRLIN
-- DLC-R
050 00 - LIBRARY OF CONGRESS CALL NUMBER
Classification number DS777.2
Item number .S5
066 ## - CHARACTER SETS PRESENT
Alternate G0 or G1 character set $1
082 00 - DEWEY DECIMAL CLASSIFICATION NUMBER
Classification number 951.04/1
Edition number 19
245 00 - TITLE STATEMENT
Linkage 880-01
Title Yuan Shikai shi liao hui kan /
Statement of responsibility, etc. [Shen Yunlong zhu bian].
250 ## - EDITION STATEMENT
Linkage 880-02
Edition statement Tai chu ban.
260 ## - PUBLICATION, DISTRIBUTION, ETC.
Linkage 880-03
Place of publication, distribution, etc. Taibei Xian Yonghe zhen :
Name of publisher, distributor, etc. Wen hai chu ban she,
Date of publication, distribution, etc. [1966-
300 ## - PHYSICAL DESCRIPTION
Extent <v. 1-17, 20-21; in 32> :
Other physical details ill., facsims., maps, ports. ;
Dimensions 20 cm.
500 ## - GENERAL NOTE
General note Vol. 1, pts. 2-3, v. 2, 4-8 have title: Xiangcheng Yuan Shikai you guan zi liao hui kan.
500 ## - GENERAL NOTE
General note Vols. 11-17 have title: Yuan Shikai shi liao hui kan xu ji.
600 10 - SUBJECT ADDED ENTRY--PERSONAL NAME
Linkage 880-04
Personal name Yuan, Shikai,
Dates associated with a name 1859-1916.
700 1# - ADDED ENTRY--PERSONAL NAME
Linkage 880-05
Personal name Shen, Yunlong.
880 00 - ALTERNATE GRAPHIC REPRESENTATION
Linkage 245-01/$1
a 袁 世凱 史料 彙刊 /
c [沈 雲龍 主編].
880 ## - ALTERNATE GRAPHIC REPRESENTATION
Linkage 250-02/$1
a 臺初版.
880 ## - ALTERNATE GRAPHIC REPRESENTATION
Linkage 260-03/$1
a 臺北縣 永和鎭 :
b 文海 出版社,
c 1966-<1967>
880 14 - ALTERNATE GRAPHIC REPRESENTATION
Linkage 600-04/$1
a 袁 世凱,
d 1859-1916.
880 1# - ALTERNATE GRAPHIC REPRESENTATION
Linkage 700-05/$1
a 沈 雲龍.
987 ## - LOCAL ROMANIZATION/CONVERSION HISTORY (OCLC)
Romanization/conversion identifier PINYIN
Agency that converted, created or reviewed CStRLIN
Date of conversion or review 20001210
Status code c
Version of conversion program used 1.0

No items available.

Powered by Koha